| 000 | 00767nam a22002297a 4500 | ||
|---|---|---|---|
| 999 |
_c1214 _d1214 |
||
| 003 | AR-CdUCM | ||
| 008 | 190226b ||||| |||| 00| 0 spa d | ||
| 040 |
_aMUNICIPALIDAD PROVINCIAL DEL CUSCO _cBIBLIOTECA MUNICIPAL DEL CUSCO |
||
| 041 | _heng | ||
| 082 |
_a959 / _bT78 |
||
| 100 |
_aTrager, Frank N. _94738 |
||
| 245 | _a¿Por qué Vietnam? / | ||
| 260 |
_aArgentina : _bAmericana ; _c1967. |
||
| 300 |
_a239 páginas _c20cm |
||
| 505 | _aEl pueblo Viet -- Vietnam lucha por su independencia contra los franceses -- La guerra contra los franceses -- Estados Unidos y el régimen de Diem | ||
| 650 |
_aguerra _91007 |
||
| 650 |
_alucha _94029 |
||
| 650 |
_aindependencia _9625 |
||
| 650 |
_apolítica _9291 |
||
| 942 |
_2ddc _cLIBROS |
||
| 945 |
_anom _d2019-02-26 |
||